000 01807nam a2200361 a 4500
001 ebr10132751
003 CaPaEBR
006 m u
007 cr cn|||||||||
008 040506s2003 quc sb 001 0 eng
010 _z 2004381576
020 _z077352519X (hard : alk. paper)
020 _z0773525696 (pbk. : alk. paper)
040 _aCaPaEBR
_cCaPaEBR
035 _a(OCoLC)80221264
050 1 4 _aB3051.Z7
_bB37 2003eb
082 0 4 _a320/.092
_222
100 1 _aBarnard, F. M.
_q(Frederick M.)
245 1 0 _aHerder on nationality, humanity, and history
_h[electronic resource] /
_cF.M. Barnard.
260 _aMontreal ;
_aIthaca :
_bMcGill-Queen's University Press,
_cc2003.
300 _axii, 185 p.
490 1 _aMcGill-Queen's studies in the history of ideas ;
_v35
504 _aIncludes bibliographical references and index.
505 0 _tThe Hebraic roots of Herder's nationalism -- Cultural nationalism and political romanticism -- Nationality and humanity : Heine and Herder -- Humanism and titanism : Masaryk and Herder -- Humanity and history : causation and continuity -- The dynamics of culture and "globalization" -- Historical and political consciousness : Herder and Rousseau.
533 _aElectronic reproduction.
_bPalo Alto, Calif. :
_cebrary,
_d2013.
_nAvailable via World Wide Web.
_nAccess may be limited to ebrary affiliated libraries.
600 1 0 _aHerder, Johann Gottfried,
_d1744-1803.
650 0 _aPolitical science
_xHistory
_y18th century.
650 0 _aHistory
_xPhilosophy.
655 7 _aElectronic books.
_2local
710 2 _aebrary, Inc.
830 0 _aMcGill-Queen's studies in the history of ideas ;
_v35.
856 4 0 _uhttp://site.ebrary.com/lib/rucke/Doc?id=10132751
_zAn electronic book accessible through the World Wide Web; click to view
999 _c79054
_d79054